|
|
|
|
| LEADER |
00000nab a2200000 a 4500 |
| 001 |
vtls000831765 |
| 003 |
SK-MaSNL |
| 005 |
20260304234114.0 |
| 008 |
250429c2000 xo 0 slo |
| 015 |
|
|
|a SNBRA2003/04-11777
|
| 035 |
|
|
|a CLN000183420
|
| 035 |
|
|
|a urn:nbn:sk:snk-ab9vmw
|
| 035 |
|
|
|a (urnnbn)urn:nbn:sk:snk:ar-a090vg
|
| 035 |
|
|
|a (uuid)6f994322-511d-41a3-9167-b5180c3ce319
|
| 040 |
|
|
|a SNKBUCL
|b slo
|c SNKBUCL
|e AACR2
|
| 041 |
0 |
|
|a slo
|
| 044 |
|
|
|a xo
|c SK
|
| 080 |
|
|
|a 930.1-051
|2 1997
|
| 080 |
|
|
|a 929 Kohuth, Jozef
|2 1997
|
| 100 |
1 |
|
|a Parenička, Pavol,
|d 1959-
|4 aut
|9 100367
|
| 245 |
1 |
0 |
|a Sto rokov od smrti historika Jozefa Kohutha (1828-1900)
|c Pavol Parenička
|
| 300 |
|
|
|b Fotogr.
|
| 600 |
1 |
7 |
|a Kohuth, Jozef,
|d 1828-1900
|2 snkbucl
|9 181096
|
| 655 |
|
7 |
|a články zo zborníkov
|2 snkbucl
|9 166140
|
| 773 |
0 |
|
|t Historický zborník 10
|d Martin : Matica slovenská, 2000
|g S. 197-198
|z 8070905735
|
| 850 |
|
|
|a Slovenská národná knižnica
|
| 852 |
|
|
|a Slovenská národná knižnica
|
| 954 |
|
|
|a odborná, vedecká literatúra pôvodná (slovenská)
|2 lita
|
| 958 |
|
|
|a article13
|
| 958 |
|
|
|a OND
|
| 958 |
|
|
|a BX
|
| 958 |
|
|
|a SK
|
| 958 |
|
|
|a EUIPO
|
| 992 |
|
|
|a RZB
|
| 999 |
|
|
|c 3202185
|d 3204115
|